000
00323nam a2200133Ia 4500
005
20260328104328.0
008
260328s9999||||xx |||||||||||||| ||und||
100
_a
Hunt, Roger
245
0
_a
New Design for old Buildings /
_c
Roger Hunt
260
_b
Riba
300
_a
158 p.
650
_a
EDIFICIOS EN ALTURA
942
_c
BK
999
_c
11593
_d
11593